<?xml version="1.0" encoding="UTF-8"?>
<record
    xmlns:xsi="http://www.w3.org/2001/XMLSchema-instance"
    xsi:schemaLocation="http://www.loc.gov/MARC21/slim http://www.loc.gov/standards/marcxml/schema/MARC21slim.xsd"
    xmlns="http://www.loc.gov/MARC21/slim">

  <leader>01223na  a2200277   4500</leader>
  <controlfield tag="001">14816</controlfield>
  <controlfield tag="003">MIRAKIL</controlfield>
  <controlfield tag="005">20181213154752.0</controlfield>
  <controlfield tag="008">160901b        tu            000 0      </controlfield>
  <datafield tag="035" ind1=" " ind2=" ">
    <subfield code="a">14816</subfield>
  </datafield>
  <datafield tag="040" ind1=" " ind2=" ">
    <subfield code="a">Milas</subfield>
    <subfield code="b">tur</subfield>
    <subfield code="c">TR-AnCHP</subfield>
  </datafield>
  <datafield tag="082" ind1=" " ind2=" ">
    <subfield code="a">ATA 940.54</subfield>
    <subfield code="b">S65i 2012</subfield>
  </datafield>
  <datafield tag="090" ind1=" " ind2=" ">
    <subfield code="a">ATA 940.54 S65i 2012</subfield>
  </datafield>
  <datafield tag="100" ind1=" " ind2=" ">
    <subfield code="a">Sommerville, Donald</subfield>
  </datafield>
  <datafield tag="245" ind1=" " ind2=" ">
    <subfield code="a">II. D&#xFC;nya Sava&#x15F;&#x131;</subfield>
    <subfield code="b">500'&#xFC; a&#x15F;k&#x131;n foto&#x11F;raf, harita ve sava&#x15F; plan&#x131;</subfield>
    <subfield code="b">tarihin en korkun&#xE7; sava&#x15F;lar&#x131;ndan birinin, belirleyici &#xE7;arp&#x131;&#x15F;malar&#x131;n ve &#xF6;nemli antla&#x15F;malar&#x131;n analiziyle birlikte &#xE7;arp&#x131;c&#x131; ve detayl&#x131; anlat&#x131;m</subfield>
    <subfield code="c">Donald Sommerville</subfield>
  </datafield>
  <datafield tag="246" ind1=" " ind2=" ">
    <subfield code="a">tarihin en korkun&#xE7; sava&#x15F;lar&#x131;ndan birinin, belirleyici &#xE7;arp&#x131;&#x15F;malar&#x131;n ve &#xF6;nemli antla&#x15F;malar&#x131;n analiziyle birlikte &#xE7;arp&#x131;c&#x131; ve detayl&#x131; anlat&#x131;m</subfield>
  </datafield>
  <datafield tag="246" ind1=" " ind2=" ">
    <subfield code="a">500'&#xFC; a&#x15F;k&#x131;n foto&#x11F;raf, harita ve sava&#x15F; plan&#x131;</subfield>
  </datafield>
  <datafield tag="260" ind1=" " ind2=" ">
    <subfield code="a">[y. y.]</subfield>
    <subfield code="b">T&#xFC;rkiye i&#x15F; bankas&#x131; k&#xFC;lt&#xFC;r yay&#x131;nlar&#x131;</subfield>
    <subfield code="c">2012</subfield>
  </datafield>
  <datafield tag="300" ind1=" " ind2=" ">
    <subfield code="a">256 s.</subfield>
    <subfield code="b">fotg. ; hrt.</subfield>
    <subfield code="c">29 sm.</subfield>
  </datafield>
  <datafield tag="504" ind1=" " ind2=" ">
    <subfield code="a">Kaynak&#xE7;a ve dizin var.</subfield>
  </datafield>
  <datafield tag="600" ind1=" " ind2=" ">
    <subfield code="a">Atat&#xFC;rk, Mustafa Kemal</subfield>
    <subfield code="d">1881-1938</subfield>
  </datafield>
  <datafield tag="650" ind1=" " ind2=" ">
    <subfield code="a">Askeri tarih</subfield>
    <subfield code="x">Resimli yap&#x131;tlar</subfield>
  </datafield>
  <datafield tag="650" ind1=" " ind2=" ">
    <subfield code="a">II. D&#xFC;nya Sava&#x15F;&#x131; (1939-1945)</subfield>
    <subfield code="y">1939-1945</subfield>
  </datafield>
  <datafield tag="651" ind1=" " ind2=" ">
    <subfield code="a">Avrupa</subfield>
    <subfield code="x">Resimli yap&#x131;tlar</subfield>
  </datafield>
  <datafield tag="942" ind1=" " ind2=" ">
    <subfield code="2">dcc</subfield>
    <subfield code="c">BKS</subfield>
  </datafield>
  <datafield tag="952" ind1=" " ind2=" ">
    <subfield code="a">0001</subfield>
    <subfield code="b">0001</subfield>
    <subfield code="d">2016-09-01</subfield>
    <subfield code="e">2</subfield>
    <subfield code="l">0</subfield>
    <subfield code="o">ATA 940.54 S65i 2012</subfield>
    <subfield code="p">002696</subfield>
    <subfield code="r">2016-09-01 00:00:00</subfield>
    <subfield code="v">0.00</subfield>
    <subfield code="w">2016-09-01</subfield>
    <subfield code="y">BKS</subfield>
  </datafield>
  <datafield tag="999" ind1=" " ind2=" ">
    <subfield code="c">511</subfield>
    <subfield code="d">511</subfield>
  </datafield>
</record>
